Normes et procédures archivistiques des Archives nationales du Québec
Descripción Física:
184 p. ; 23 cm
Materias:
Arxius -- Quebec -- Normes
MARC
| LEADER | 00000nam a2200000Ia 4500 | ||
|---|---|---|---|
| 001 | 9798 | ||
| 003 | BGR | ||
| 005 | 20260324175658.0 | ||
| 008 | 160829s1992 xx 000 0 cat d | ||
| 080 | |a A-1-262 | ||
| 245 | |a Normes et procédures archivistiques des Archives nationales du Québec | ||
| 250 | |a 4a ed., rev. i corr. | ||
| 260 | |a Quebec : |b Bibliothèque du Québec, |c 1992 | ||
| 300 | |a 184 p. ; |c 23 cm | ||
| 650 | |a Arxius |x Quebec |x Normes |9 37632 | ||
| 710 | 1 | |a Bibliothèque nationale du Québec |9 70689 | |
| 901 | |a Arxiu | ||
| 942 | |n 1 |2 udc |c MON | ||
| 952 | |0 0 |1 0 |4 0 |6 A1262 |7 1 |9 47960 |a Arxiu |b Arxiu |d 2016-12-01 |l 0 |o A-1-262 |p 9798 |r 2016-12-01 00:00:00 |w 2016-12-01 |y ARXIU | ||
| 999 | |c 51761 |d 51761 | ||